ARRUPE JESUIT UNIVERSITY

CORONAVIRUS -STOP THE SPREAD - CLEAN,DISINFECT,COVER

The SAGE handbook of philosophy of education / (Record no. 120406)

MARC details
000 -LEADER
fixed length control field 00846cam a2200253 a 4500
001 - CONTROL NUMBER
control field 15739951
003 - CONTROL NUMBER IDENTIFIER
control field ARRUPE
005 - DATE AND TIME OF LATEST TRANSACTION
control field 20150106020005.0
008 - FIXED-LENGTH DATA ELEMENTS--GENERAL INFORMATION
fixed length control field 090515s2010 enk b 001 0 eng
010 ## - LIBRARY OF CONGRESS CONTROL NUMBER
LC control number 2009928797
040 ## - CATALOGING SOURCE
Original cataloging agency DLC
Transcribing agency DLC
Modifying agency DLC
050 00 - LIBRARY OF CONGRESS CALL NUMBER
Classification number LB17
Item number .S114 2010
082 00 - DEWEY DECIMAL CLASSIFICATION NUMBER
Classification number 370.1
Edition number 22
300 ## - PHYSICAL DESCRIPTION
Dimensions 26 cm.
245 04 - TITLE STATEMENT
Title The SAGE handbook of philosophy of education /
Statement of responsibility, etc edited by Richard Bailey...[et al.].
246 30 - VARYING FORM OF TITLE
Title proper/short title Philosophy of education
260 ## - PUBLICATION, DISTRIBUTION, ETC. (IMPRINT)
Place of publication, distribution, etc London ;
-- Thousand Oaks, CA :
Name of publisher, distributor, etc SAGE Publication,
Date of publication, distribution, etc 2010
300 ## - PHYSICAL DESCRIPTION
Extent xx, 550 p. ;
504 ## - BIBLIOGRAPHY, ETC. NOTE
Bibliography, etc Includes bibliographical references and index.
650 #0 - SUBJECT ADDED ENTRY--TOPICAL TERM
Topical term or geographic name as entry element Education
General subdivision Philosophy.
9 (RLIN) 9864
700 1# - ADDED ENTRY--PERSONAL NAME
Personal name Bailey, Richard,
Dates associated with a name 1966-
9 (RLIN) 9865
906 ## - LOCAL DATA ELEMENT F, LDF (RLIN)
a 7
b cbc
c orignew
d 2
e epcn
f 20
g y-gencatlg
942 ## - ADDED ENTRY ELEMENTS (KOHA)
Source of classification or shelving scheme Library of Congress Classification
Koha item type Monograph ( Printed materials)
Koha issues (borrowed), all copies 3
Holdings
Withdrawn status Lost status Source of classification or shelving scheme Damaged status Not for loan Collection code Home library Current library Shelving location Date acquired Total Checkouts Full call number Barcode Date last seen Date checked out Price effective from Koha item type
    Library of Congress Classification     Main Collection ARRUPE LIBRARY ARRUPE LIBRARY Main Collection 09/04/2014 18 LB17 .S114 2010 46500001703 28/05/2020 19/03/2020 09/04/2014 Monograph ( Printed materials)

 

Arrupe Library. PO Box MP320 Mt Pleasant, Harare, Zimbabwe
263 242 745411|librarian@aju.ac.zw